| 000 | 00647cam a2200181 4500500 | ||
|---|---|---|---|
| 005 | 20260111080258.0 | ||
| 041 | _afre | ||
| 042 | _adc | ||
| 100 | 1 | 0 |
_aGuerrand, Vincent _eauthor |
| 245 | 0 | 0 | _aLa gestion du patrimoine transféré de l’État à une collectivité territoriale : le cas des lycées normands |
| 260 | _c2018. | ||
| 500 | _a54 | ||
| 690 | _afinances locales | ||
| 690 | _apatrimoine | ||
| 690 | _arégion | ||
| 786 | 0 | _nGestion & Finances Publiques | 6 | 6 | 2018-11-30 | p. 30-34 | 1969-1009 | |
| 856 | 4 | 1 | _uhttps://droit.cairn.info/revue-gestion-et-finances-publiques-2018-6-page-30?lang=fr&redirect-ssocas=7080 |
| 999 |
_c1616093 _d1616093 |
||